00712nam a2200205 a 450000100060000000300080000600500170001400800410003103500190007204000320009104100080012308200180013110000480014924501010019726000500029830000250034850400410037365000680041470000240048243242BD-RjUL20211209053652.0160620s1967 ilu b 001 0 eng d a(BD-RjUL)43360 aDLCcDLCdUKMdBD-RjULbeng aeng a340bHAL 19671 aHannah, Harold W.q(Harold Winford),d1911-14aThe legal base for universities in developing countries /cby H. W. Hannah and Robert R. Caughey aUrbana :bUniversity of Illinois Press,c1967 axix, 455 p. ;c24 cm aBibliography: p. [422]-426 and index 0aUniversities and collegeszDeveloping countriesxAdministration aCaughey, Robert R.